000 00587nam a2200205Ia 4500
003 GCL
008 140319s9999 xx 000 0 ara d
040 _aGCL /
_cGCL
082 0 4 _a843.03
_bغ ج
100 1 _aغريية، الان روب
245 1 0 _aجن /
_cغريية، الان روب
700 1 _aسعيد علوش (ترجمة)
700 1 _aخديجة بنانى
300 _a83 ص
490 _a
650 0 4 _aالقصص الفرنسية
650 0 4 _aالادب الفرنسى المترجم
650 0 4 _aالادب العالمى المترجم
942 _2ddc
_cBK
999 _c42361
_d42361